000 00813nam a22002657a 4500
003 OSt
005 20140310181919.0
008 130718t xxu||||| |||| 00| 0 eng d
050 _aHD 62.5
_b.B398 1994
082 _aTR 647
_bUn2 1994
245 _aBecoming enterprising- technical guidelines /
_b UNESCO. Principal Regional Office for Asia and the Pacific.
260 _aBangkok :
_bUNESCO Principal Regional Office for Asia and the Pacific,
_cc1994.
300 _a144 p. :
_bill.
_c22 cm.
521 _aFaculty
541 _j1
541 _j1
562 _e2
650 _2 Management Education
650 _2Enterprises.
650 _2Curriculum subjects.
650 _2Quality of life
650 _2Future education.
650 _2Asia/Pacific.
942 _2lcc
_cBK-TR
_kTR
999 _c6912
_d6912